Third pollution : the national problem of solid waste disposal (Record no. 411335)

000 -LEADER
fixed length control field 00424cam a22001337a 4500
008 - FIXED-LENGTH DATA ELEMENTS--GENERAL INFORMATION
fixed length control field 180718b1971 xxu||||| |||| 00| 0 eng d
020 ## - INTERNATIONAL STANDARD BOOK NUMBER
International Standard Book Number 0 269 02785 8
082 ## - DEWEY DECIMAL CLASSIFICATION NUMBER
Classification number X83 Sm18
100 ## - MAIN ENTRY--PERSONAL NAME
Personal name Small, William E.
245 ## - TITLE STATEMENT
Title Third pollution : the national problem of solid waste disposal
Statement of responsibility, etc. by William E. Small
260 ## - PUBLICATION, DISTRIBUTION, ETC.
Place of publication, distribution, etc. London
Name of publisher, distributor, etc. Pall Mall
Date of publication, distribution, etc. 1971
300 ## - PHYSICAL DESCRIPTION
Extent xiii,173p
650 ## - SUBJECT ADDED ENTRY--TOPICAL TERM
Topical term or geographic name entry element Refuse and refuse disposal --United States.
Holdings
Withdrawn status Lost status Damaged status Not for loan Permanent Location Current Location Date acquired Full call number Barcode Date last seen Price effective from Koha item type
        Indian Institute of Public Administration Indian Institute of Public Administration 2009-01-29 X83 Sm18 DA3060 2018-07-21 2018-07-21 DA

Powered by Koha